• 首页
  • 本馆介绍
  • 公告通知
  • 最新文献
  • 馆藏检索
  • 电子资源
  • 读者导购
  • 参考咨询
  • 我的图书馆
  • 登录
  • 详细信息显示
  • 放入我的书架
  • 预约/预借图书
  • 作者相关作品
  • 分类相关作品
  • 丛书相关作品
  • 出版社相关作品

书目信息

  • 表格格式
  • 工作单格式
  • 卡片格式
题名:
漫画创作融入中国画元素及动漫教学的研究
    
 
作者: 杨梅 著
分册:  
出版信息: 长春   吉林美术出版社  2018
页数: 232页
开本: 21cm
丛书名:
单 册:
中图分类: J218.2 , J954-42
科图分类:
主题词: 中国画--zhong guo hua--应用--漫画--绘画创作--研究 , 动画片--dong hua pian--制作--教学研究
电子资源:
ISBN: 978-7-5575-2466-1
000 01149nam0 2200277 450
001 012001007975
005 20131021170550.0
010    @a978-7-5575-2466-1@dCNY38.00
099    @aCAL 012018199407
100    @a20181111d2018 em y0chiy50 ea
101 0  @achi
102    @aCN@b220000
105    @aak a 000yy
106    @ar
200 1  @a漫画创作融入中国画元素及动漫教学的研究@Aman hua chuang zuo rong ru zhong guo hua yuan su ji dong man jiao xue de yan jiu@f杨梅著
210    @a长春@c吉林美术出版社@d2018
215    @a232页@c图@d21cm
320    @a有书目 (第230-232页)
330    @a本文主要是先论述了中国自古以来的中国画的各种形式,再来论述当今中国画发展的新方向。然后又介绍了动漫的相关特点,目的是有效的寻找动漫与中国画的共同之处,并把它们有机的结合起来。再者就是探讨,中国画与动漫以及动漫教学的关系,通过一系列的深入研究,从而得出中国画在动漫教学中的“新思路”
606 0  @a中国画@Azhong guo hua@x应用@x漫画@x绘画创作@x研究
606 0  @a动画片@Adong hua pian@x制作@x教学研究
690    @aJ218.2@v5
690    @aJ954-42@v5
701  0 @a杨梅@Ayang mei@4著
801  0 @aCN@b上海新华@c20191020
905    @b1180436-9@dJ218.2@e1080@f4
    
    漫画创作融入中国画元素及动漫教学的研究/杨梅著.-长春:吉林美术出版社,2018
    232页:图;21cm
    
    
    ISBN 978-7-5575-2466-1:CNY38.00
    本文主要是先论述了中国自古以来的中国画的各种形式,再来论述当今中国画发展的新方向。然后又介绍了动漫的相关特点,目的是有效的寻找动漫与中国画的共同之处,并把它们有机的结合起来。再者就是探讨,中国画与动漫以及动漫教学的关系,通过一系列的深入研究,从而得出中国画在动漫教学中的“新思路”
●
相关链接 在E读中查询图书 在五车中查询图书 在当当中查询图书 在豆瓣中查询图书


正题名:漫画创作融入中国画元素及动漫教学的研究     索取号:J218.2/1080         预约/预借

序号 登录号 条形码 馆藏地/架位号 状态 备注
1 1180436   211804369   第一样本阅览室/ [索取号:J218.2/1080] 在馆    
2 1180437   211804378   第一借阅区/ [索取号:J218.2/1080] 在馆    
3 1180438   211804387   第一借阅区/ [索取号:J218.2/1080] 在馆    
4 1180439   211804396   第一借阅区/ [索取号:J218.2/1080] 在馆    
唐山师范学院图书馆 欢迎您!
大连网信软件有限公司© 版权所有